Odgadnij piosenkę po wersie - polski rock#1 - Statystyki

Ogólne statystyki
  • Ten quiz został rozwiązany 58 razy
  • Średni wynik to 10 z 20
Statystyki odpowiedzi
Wers Zespół/wokalista Piosenka % Poprawnych
"Myślisz może, że więcej coś znaczysz" Lady Pank Mniej niż zero
93%
"I nawet kiedy będę sam" Myslovitz Długość dźwięku samotności
75%
"A Grochów się budzi z przepicia" T.Love Warszawa
73%
"Pamiętam dobrze ideał swój" Dżem Wehikuł czasu
70%
"Ile policzyłaś mi za swą przyjaźń?" HappySad Zanim pójdę
70%
"Lubię jej farbowane rzęsy" Róże Europy Jedwab
57%
"Moja ulica murem podzielona" Kult Arahja
55%
"Grzesiek Kubiak, czyli Kuba rządził naszą podstawówką" Strachy na Lachy Piła tango
55%
"Popijasz łyk ciepłej coli" Wanda i Banda Hi-fi
52%
"Gdyby chociaż mucha zjawiła się" Hey Teksański
50%
"Że nic nie przeżywam, tylko muszę coś zarobić" Republika Mamona
48%
"Tak jak Bolek i Lolek" Hurt Załoga G
48%
"Silnik rzęził ostatkiem sił" Budka Suflera/Felicjan Andrzejczak Jolka, Jolka pamiętasz
45%
"Dlaczego kłamiesz, że miałaś wszystko" Perfect Kołysanka dla nieznajomej
43%
"Nawet gdy nie będę chciał!" Rezerwat Zaopiekuj się mną
36%
"Karuzela gna, w głośnikach wciąż muzyka gra." Bajm Co mi Panie dasz
34%
"To polana w leśnym gąszczu schowana" Maanam Kocham Cię kochanie moje
34%
"Na sali od nas jest tu trzech" Pidżama Porno Bal u senatora
27%
"Boisz się wielkich słów, to nie wstyd" Kancelarya Zabiorę Cię
23%
"Mówisz o pokoju, czy Ty nie widzisz, że" Tilt Mówię ci, że
16%
Nie znaleziono quizów pasujących do podanych kryteriów
Rozkład punktacji
Procent ludzi z każdym wynikiem
Percentyl według liczby udzielonych odpowiedzi
Twoja historia wyników
Nie rozwiązałeś tego quizu